000 00558nam a22001697a 4500
005 20251108173007.0
008 250721s2003 xx 000 0 ara d
082 1 4 _a615.882/حجا
100 1 _aحجازي، احمد
245 1 0 _aالأمراض الشائعة و علاجها بالنباتات العشبية و العناصر الغذائية /
264 1 _aعمان :
_bدار عالم الثقافة للنشر،
_c2003.
300 _a80 ص.
650 1 7 _aالطب الشعبي
650 1 7 _aالأمراض
942 _2ddc
_cBK
999 _c93603
_d93603